Validez predictiva del promedio de admisión de la Universidad de Costa Rica y sus componentes /
Este trabajo pretende establecer el grado de validez predictiva que tiene el Promedio de Admisión en la UCR. La investigación utiliza la técnica de Regresión Múltiple y se llevó a cabo con 4484 estudiantes que ingresaron a la UCR en 1999. Como conclusión del análisis, el Promedio de Admisión y sus c...
Salvato in:
| Autore principale: | |
|---|---|
| Altri autori: | |
| Natura: | testo |
| Lingua: | Spanish |
| Soggetti: | |
| Tags: |
Aggiungi Tag
Nessun Tag, puoi essere il primo ad aggiungerne!!
|
MARC
| LEADER | 00000 a a2200000 04500 | ||
|---|---|---|---|
| 001 | 42321 | ||
| 003 | cru IIS | ||
| 005 | 20220705150136.0 | ||
| 008 | 220705b |||||||| |||| 00| 0 spa d | ||
| 040 | |c cru IIS | ||
| 100 | |a Jiménez-Alfaro, Karol | ||
| 245 | |a Validez predictiva del promedio de admisión de la Universidad de Costa Rica y sus componentes / |c Karol Jiménez-Alfaro ; Evelyn Morales-Fernández | ||
| 500 | |a karol.jimenez@ucr.ac.cr |a evelyn94@costarricense.cr | ||
| 500 | |a Colección Centroamérica | ||
| 520 | |a Este trabajo pretende establecer el grado de validez predictiva que tiene el Promedio de Admisión en la UCR. La investigación utiliza la técnica de Regresión Múltiple y se llevó a cabo con 4484 estudiantes que ingresaron a la UCR en 1999. Como conclusión del análisis, el Promedio de Admisión y sus componentes siguen siendo, en general, los más importantes predictores del logro académico del estudiante. | ||
| 590 | |a RRH/JUNIO2013 | ||
| 650 | |a ESTUDIOS SUPERIORES | ||
| 650 | |a PRUEBAS | ||
| 650 | |a TECNICAS DE PREDICCION | ||
| 650 | |a INTELIGENCIA | ||
| 700 | |a Morales-Fernández, Evelyn | ||
| 773 | |g volumen23, número110 (2009), páginas 21-55 : tablas | ||
| 773 | 0 | |0 18811 |9 3327 |a Universidad de Costa Rica. Instituto de Investigaciones en Psicología |d San José, C.R.: Editorial de la UCR |o 12952 |t Actualidades en Psicología / | |
| 942 | |2 ddc |c PP | ||
| 999 | |c 23225 |d 23225 | ||
